000 06097namaa22004211i 4500
003 OSt
005 20260117120910.0
008 250827s2024 ua a|||frm||| 000 0 eng d
040 _aEG-GICUC
_bara
_cEG-GICUC
_dEG-GICUC
_erda
041 0 _aara
_bara
_beng
049 _aإيداع
082 0 4 _a346.02
092 _a346.02
_221
097 _aدكتوراه‎
099 _aCai01.04.06.Ph.D.2024.أح.م
100 0 _a،أحمد محمد عبد الله بركات عبدالصمد
_eإعداد.
245 1 0 _aمضمون العقد بين النزعة الشخصية والموضوعية :
_bدراسة مقارنة بين القانون المصري وقانون المعاملات المدنية الإماراتي /
_cإعداد أحمد محمد عبد الله بركات عبدالصمد؛ إشراف أ.د. عبد الهادي فوزي العوضي.
246 1 5 _aThe content of the contract between personal and objective tendencies :
_bA comparative study between egyptian law and the uae civil transactions law /
264 0 _c2024.
300 _a428 صفحة :
_bإيضاحيات ؛
_c30 cm. +
_eCD.
336 _atext
_2rda content
337 _aUnmediated
_2rdamedia
338 _avolume
_2rdacarrier
502 _aأطروحة (دكتوراه)-جامعة القاهرة، 2024.
504 _aببليوجرافيا: صفحات 384-421.
520 _aلقد تمحورت هذه الأطروحة الموسومة بمضمون العقد بين النزعة الشخصية والموضوعية حول معالجة إشكالية معينة يواجهها أفراد المجتمع عند قيامهم بتنفيذ العقود التي أبرموها في إطار المعاملات المالية. وهذه الإشكالية تكمن في عدم معرفة هؤلاء الأفراد المتعاقدين لمضمون عقودهم أي بحقوقهم والتزاماتهم بشكل صحيح، ففي الغالب الأعم يقوم هؤلاء الأفراد بإبرام عقودهم دون أن يضمّنونها بالتفصيلات المتعلقة بتنفيذها بشكل صحيح، لذلك نصت القاعدة العامة المتعلقة بتنفيذ العقود وفقا للمواد 148 مدني مصري و 246 معاملات مدنية إماراتي و 1104 مدني فرنسي على أنه يجب تنفيذ العقود بحسن نية. وقد تمت المعالجة لإشكالية البحث من أجل التوصل إلى أهداف معينة تتمثل في محاولة إيجاد حلول للقضاء أو التخفيف من هذه الإشكالية التي تؤرّق بال المجتمع. وقد انحصر نطاق المعالجة في إطار القانون المدني المصري الصادر بالقانون رقم 131 لسنة 1948 والتقنين المدني الفرنسي المعدل بالمرسوم رقم 131-2016 بشأن تعديل قانون العقود والأحكام العامة للالتزامات والإثبات المنشور بالجريدة الرسمية بتاريخ 11-02-2016 من جهة. وبين قانون المعاملات المدنية الاماراتي الصادر بالقانون رقم 5 لسنة 1985 والمعدل بموجب المرسوم اتحادي رقم 30 لسنة 2020 والشريعة الإسلامية التي هي أساس هذا القانون من جهة أخرى. وقد تم التوصل من خلال هذه المعالجة التي أتّبع فيها المنهج التحليلي والمنهج المقارن إلى حلول معينة لهذه الإشكالية.
520 _aThis thesis, called the content of the contract between personalism and objectivity, revolved around addressing a specific problem that members of society face when they implement the contracts they have concluded within the framework of financial transactions. This problem lies in the lack of knowledge of these contracting individuals about the content of their contracts, that is, their rights and obligations correctly. In most cases, these individuals conclude their contracts without including them with details related to their correct implementation, so the general rule regarding the implementation of contracts in accordance with Articles 148 Egyptian Civil, 246 Emirati Civil Transactions, and 1104 French Civil stipulates that contracts must be implemented in good faith. The research problem was addressed in order to reach specific goals, namely trying to find solutions to eliminate or alleviate this problem that is troubling society. The scope of treatment was limited to the framework of the Egyptian Civil Code promulgated by Law No. 131 of 1948 and the French Civil Codification amended by Decree No. 131-2016 amending the Contract Law and the General Provisions of Obligations and Evidence published in the Official Gazette on 02-11-2016 on the one hand. And between the UAE Civil Transactions Law issued by Law No. 5 of 1985 and amended by Federal Decree No. 30 of 2020, and Islamic Sharia, which is the basis of this law, on the other hand. Through this treatment, in which I follow the analytical and comparative approaches, certain solutions to this problem have been reached.
530 _aصدر أيضًا كقرص مدمج.
546 _aالنص بالعربية والملخص باللغة الإنجليزية والعربية.
650 7 _aالعقود
_2qrmak
650 7 _a القانون المدني
653 0 _aالعقد بين النزعة الشخصية والموضوعية
_aالمعاملات المالية
_aالأفراد المتعاقدين
700 0 _aعبد الهادي فوزي العوضي
_eمشرف أطروحة.
900 _b01-01-2024
_cعبد الهادي فوزي العوضي
_dخالد جمال أحمد حسن
_dمحــمـــــــــــــد السيــد فـــارس
_Uجامعة القاهرة
_Fكلية الحقوق
_Dقسم القانون المدني
905 _aSara
_eAfaf
942 _2ddc
_cTH
_e21
_n0
999 _c177198